000 00528nam a2200181Ia 4500
003 OSt
005 20200923140210.0
008 190216s9999||||xx |||||||||||||| ||und||
040 _coclc
082 _a582.13
_bREN/C
100 _aRendle, Alfred Barton
_94877
245 0 _aThe Classification Of Flowering Plants /
_cAlfred Barton Rendle
250 _a2nd Ed.
260 _bCambridge Uty Press,
_c1975.
_aLondon:
300 _a412p
650 _aBotany
942 _cBK
_2ddc
_h582.13
_iREN/C
_k582.13
_mREN/C
999 _c1355
_d1355